<?xml version="1.0" encoding="UTF-8"?>
<record
    xmlns:xsi="http://www.w3.org/2001/XMLSchema-instance"
    xsi:schemaLocation="http://www.loc.gov/MARC21/slim http://www.loc.gov/standards/marcxml/schema/MARC21slim.xsd"
    xmlns="http://www.loc.gov/MARC21/slim">

  <leader>03895cam a22004814i 4500</leader>
  <controlfield tag="003">PE-LiUPU</controlfield>
  <controlfield tag="005">20250731173316.0</controlfield>
  <controlfield tag="008">150625s2001    xxua    rb    000 0 spa d</controlfield>
  <datafield tag="020" ind1=" " ind2=" ">
    <subfield code="a">9780311324064</subfield>
  </datafield>
  <datafield tag="035" ind1=" " ind2=" ">
    <subfield code="a">(Sirsi) i9780311324064</subfield>
  </datafield>
  <datafield tag="040" ind1=" " ind2=" ">
    <subfield code="a">PE-LiUPU</subfield>
    <subfield code="b">spa</subfield>
    <subfield code="c">PE-LiUPU</subfield>
    <subfield code="e">rda</subfield>
  </datafield>
  <datafield tag="049" ind1=" " ind2=" ">
    <subfield code="a">PRUA</subfield>
  </datafield>
  <datafield tag="082" ind1="0" ind2="4">
    <subfield code="a">264.2</subfield>
    <subfield code="b">LP</subfield>
    <subfield code="2">21</subfield>
  </datafield>
  <datafield tag="100" ind1="1" ind2=" ">
    <subfield code="a">Brow, Don,</subfield>
    <subfield code="e">autor.</subfield>
  </datafield>
  <datafield tag="245" ind1="1" ind2="0">
    <subfield code="a">Lecciones pr&#xE1;cticas para dirigir el canto /</subfield>
    <subfield code="c">Don Brown.</subfield>
  </datafield>
  <datafield tag="250" ind1=" " ind2=" ">
    <subfield code="a">Cuarta edici&#xF3;n.</subfield>
  </datafield>
  <datafield tag="264" ind1=" " ind2="1">
    <subfield code="a">El Paso, TX :</subfield>
    <subfield code="b">Mundo Hispano,</subfield>
    <subfield code="c">2001.</subfield>
  </datafield>
  <datafield tag="300" ind1=" " ind2=" ">
    <subfield code="a">123 p&#xE1;ginas :</subfield>
    <subfield code="b">ilustraciones ;</subfield>
    <subfield code="c">21 cent&#xED;metros.</subfield>
  </datafield>
  <datafield tag="336" ind1=" " ind2=" ">
    <subfield code="a">text</subfield>
    <subfield code="2">rdacontent</subfield>
  </datafield>
  <datafield tag="337" ind1=" " ind2=" ">
    <subfield code="a">unmediated</subfield>
    <subfield code="2">rdamedia</subfield>
  </datafield>
  <datafield tag="338" ind1=" " ind2=" ">
    <subfield code="a">volume</subfield>
    <subfield code="2">rdacarrier</subfield>
  </datafield>
  <datafield tag="490" ind1="0" ind2=" ">
    <subfield code="a">Lecciones pr&#xE1;cticas</subfield>
  </datafield>
  <datafield tag="504" ind1=" " ind2=" ">
    <subfield code="a">Bibliograf&#xED;a : p&#xE1;gina 119.</subfield>
  </datafield>
  <datafield tag="505" ind1="0" ind2=" ">
    <subfield code="a">Introducci&#xF3;n -- Lecci&#xF3;n 1: Las bases de la direcci&#xF3;n musical -- La m&#xFA;sica y la direcci&#xF3;n -- La uniformidad en la direcci&#xF3;n -- La base b&#xED;blica de la direcci&#xF3;n -- La direcci&#xF3;n del canto -- La preparaci&#xF3;n para dirigir -- Ser un l&#xED;der -- El ritmo: Alma de la m&#xFA;sica -- Sentir el ritmo -- Actividades en la clase acentos m&#xE9;tricos -- Lecci&#xF3;n 2: Se&#xF1;ales b&#xE1;sicas y la direcci&#xF3;n del tiempo de dos -- Tres se&#xF1;ales b&#xE1;sicas en la direcci&#xF3;n -- La se&#xF1;al de atenci&#xF3;n -- El tiempo de preparaci&#xF3;n -- La se&#xF1;al de terminaci&#xF3;n (el corte) -- El patr&#xF3;n de dos tiempos -- El tiempo de preparacic&#xF3;n en el segundo tiempo del patr&#xF3;n de dos tiempos -- El tiempo de preparaci&#xF3;n establece el car&#xE1;cter del himno -- Lecci&#xF3;n 3: La direcci&#xF3;n del tiempo de tres -- El patr&#xF3;n de tres tiempos -- Procedimiento para practicar la direcci&#xF3;n musical en el comp&#xE1;s de tres tiempos que comienza en el tercer tiempo -- Actividades en la clase -- Himnos en 3 por 2, 9 por 4 y 9 por 8 que se pueden dirigir en tres -- El rebote -- Lecci&#xF3;n4: La direcci&#xF3;n del tiempo de cuatro -- Repaso del comp&#xE1;s de tres tiempos -- Actividades en clase -- El patr&#xF3;n de direcci&#xF3;n de cuatro tiempos -- Actividades en clase -- M&#xE1;s sobre la se&#xF1;al de terminaci&#xF3;n -- Preparaci&#xF3;n para la se&#xF1;al de terminaci&#xF3;n -- Las repeticiones y otras indicaciones -- Lecci&#xF3;n 5: La direcci&#xF3;n del teimpo de seis -- Repaso -- Ejercicios con el patr&#xF3;n de cuatro tiempos -- Repaso de los patrones de dos, tres y cuatro tiempos -- Actividades en la clase -- El patr&#xF3;n de seis tiempos -- C&#xF3;mo empezar los himnos que comienzan en una subdivisi&#xF3;n del tiempo -- La dircci&#xF3;n del calder&#xF3;n -- Los calderones sin indicaci&#xF3;n -- Lecci&#xF3;n 6: La direcci&#xF3;n del tiempo de nueve y otras t&#xE9;cnicas -- Refinamiento de los patrones -- Los "si" y los "no" de la direcci&#xF3;n -- La direcci&#xF3;n expresiva -- El uso de m&#xE1;s de un patr&#xF3;n dentro de un himno -- El patr&#xF3;n de nueve tiempos -- Himnos que comienzan con un silencio -- Himnos con m&#xE1;s de una indicaci&#xF3;n de comp&#xE1;s -- Himnos sin indicaci&#xF3;n de comp&#xE1;s -- Ultimo repaso -- La direcci&#xF3;n del comp&#xE1;s de cinco tiempos (opcional) -- El ambiente f&#xED;sico -- Himnarios e instrumentos -- Los materiales y los derechos de autor -- Palabras al sabio -- Actividades para el aprendizaje personal -- Ap&#xE9;ndice A -- Ap&#xE9;ndice B -- Glosario -- Bibliograf&#xED;a.</subfield>
  </datafield>
  <datafield tag="526" ind1=" " ind2=" ">
    <subfield code="a">SEG42</subfield>
  </datafield>
  <datafield tag="526" ind1=" " ind2=" ">
    <subfield code="a">SEG41</subfield>
  </datafield>
  <datafield tag="526" ind1=" " ind2=" ">
    <subfield code="a">SEG40</subfield>
  </datafield>
  <datafield tag="526" ind1=" " ind2=" ">
    <subfield code="a">SEG39</subfield>
  </datafield>
  <datafield tag="526" ind1=" " ind2=" ">
    <subfield code="a">P94</subfield>
  </datafield>
  <datafield tag="526" ind1=" " ind2=" ">
    <subfield code="a">P87</subfield>
  </datafield>
  <datafield tag="526" ind1=" " ind2=" ">
    <subfield code="a">P86</subfield>
  </datafield>
  <datafield tag="526" ind1=" " ind2=" ">
    <subfield code="a">P85</subfield>
  </datafield>
  <datafield tag="526" ind1=" " ind2=" ">
    <subfield code="a">P77</subfield>
  </datafield>
  <datafield tag="526" ind1=" " ind2=" ">
    <subfield code="a">P76</subfield>
  </datafield>
  <datafield tag="526" ind1=" " ind2=" ">
    <subfield code="a">P35</subfield>
  </datafield>
  <datafield tag="541" ind1=" " ind2=" ">
    <subfield code="g">001-0000131;</subfield>
  </datafield>
  <datafield tag="650" ind1="0" ind2="4">
    <subfield code="a">Direcci&#xF3;n de cantos</subfield>
    <subfield code="x">Direction of songs.</subfield>
  </datafield>
  <datafield tag="942" ind1=" " ind2=" ">
    <subfield code="2">ddc</subfield>
    <subfield code="c">BOOK</subfield>
  </datafield>
  <datafield tag="949" ind1=" " ind2=" ">
    <subfield code="a">264.2 LP [4]</subfield>
    <subfield code="w">DEWEY</subfield>
    <subfield code="c">1</subfield>
    <subfield code="i">56449</subfield>
    <subfield code="l">CCODEBUL1</subfield>
    <subfield code="m">BUL</subfield>
    <subfield code="p">12.00</subfield>
    <subfield code="r">0</subfield>
    <subfield code="s">Y</subfield>
    <subfield code="t">BOOK</subfield>
    <subfield code="u">2015-6-25</subfield>
    <subfield code="x">TEOLOGIA</subfield>
    <subfield code="z">UNKNOWN</subfield>
    <subfield code="0">COMPRA</subfield>
    <subfield code="o">.STAFF. Colecci&#xF3;n Teolog&#xED;a</subfield>
  </datafield>
  <datafield tag="994" ind1=" " ind2=" ">
    <subfield code="a">C0</subfield>
    <subfield code="b">PEPRU</subfield>
  </datafield>
  <datafield tag="596" ind1=" " ind2=" ">
    <subfield code="a">1</subfield>
  </datafield>
  <datafield tag="999" ind1=" " ind2=" ">
    <subfield code="a">264.2 LP</subfield>
    <subfield code="w">DEWEY</subfield>
    <subfield code="c">45694</subfield>
    <subfield code="i">56449</subfield>
    <subfield code="f">2021-11-10</subfield>
    <subfield code="g">5</subfield>
    <subfield code="l">CCODEBUL1</subfield>
    <subfield code="m">BUL</subfield>
    <subfield code="p">12.00</subfield>
    <subfield code="r">0</subfield>
    <subfield code="s">Y</subfield>
    <subfield code="t">BOOK</subfield>
    <subfield code="u">2015-6-25</subfield>
    <subfield code="x">TEOLOGIA</subfield>
    <subfield code="P">P35</subfield>
    <subfield code="0">COMPRA</subfield>
    <subfield code="o">.STAFF. Colecci&#xF3;n Teolog&#xED;a</subfield>
    <subfield code="d">45694</subfield>
  </datafield>
  <datafield tag="980" ind1=" " ind2=" ">
    <subfield code="8">1</subfield>
    <subfield code="g">ALBERTO SANCHEZ Responsable de Automatizaci&#xF3;n</subfield>
  </datafield>
  <datafield tag="952" ind1=" " ind2=" ">
    <subfield code="r">2025-12-02 00:00:00</subfield>
    <subfield code="i">6</subfield>
    <subfield code="l">0</subfield>
    <subfield code="o">264.2 LP</subfield>
    <subfield code="p">56449</subfield>
    <subfield code="t">e1</subfield>
    <subfield code="v">17.00</subfield>
    <subfield code="w">2015-06-25</subfield>
    <subfield code="x">FT</subfield>
    <subfield code="y">BK</subfield>
    <subfield code="z">inventario-2023-12-13</subfield>
    <subfield code="1">0</subfield>
    <subfield code="2">ddc</subfield>
    <subfield code="5">0</subfield>
    <subfield code="7">0</subfield>
    <subfield code="8">GEN</subfield>
    <subfield code="f">P35</subfield>
    <subfield code="a">BUL</subfield>
    <subfield code="b">BUL</subfield>
    <subfield code="c">GEN</subfield>
    <subfield code="d">2015-06-25</subfield>
    <subfield code="e">COMPRA</subfield>
    <subfield code="g">12.00</subfield>
  </datafield>
</record>
